[Event "Bad Woerishofen op"]
[Site "Bad Woerishofen"]
[Date "2001.??.??"]
[Round "9"]
[White "Grau, Helmut"]
[Black "Schmidt, Ruediger"]
[Result "0-1"]
[WhiteElo "1752"]
[BlackElo "2151"]
[Annotator "ChessOrg"]
[PlyCount "91"]
[EventDate "1998.03.05"]
[Source "ChessBase"]
[SourceDate "1998.04.29"]

1. e4 {C00: Franzoesische Verteidigung (Seltene Zuege)} 1... e6 2. Nc3 d5 3. d3
Nf6 4. e5 Nfd7 5. f4 {letzter Buchzug} 5... c5 6. Nf3 Nc6 7. Bd2 g6 8. h4 h5 9.
Ng5 a6 10. a4 Rb8 11. g4 (11. g3 11... Bg7 $11) 11... b5 12. axb5 axb5 13. gxh5
Rxh5 (13... gxh5 $143 14. Be2 Qc7 15. Bxh5 $18) 14. Be2 Rh8 15. Kf2 Be7 16. h5
(16. Bg4 16... Qb6 $11) 16... Bxg5 $15 17. fxg5 Ke7 (17... gxh5 18. Bxh5 Ncxe5
19. Bf4 $11) 18. hxg6 (18. h6 $5 $11) 18... fxg6 $15 19. Rh6 b4 20. Nxd5+ $2 (
20. Na4 $142 20... Ncxe5 21. Bf4 $15) 20... exd5 $19 21. Qh1 (21. Rxg6 $142
21... Ndxe5 22. Rf6 $19) 21... Rf8+ 22. Kg2 (22. Kg1 Ndxe5 23. Rh7+ 23... Ke8
$19) 22... Ndxe5 23. Rh7+ Rf7 24. Rf1 Bf5 25. Rxf5 (25. Be3 b3 26. Bxc5+ Ke6
27. Rxf7 Qxg5+ (27... Kxf7 $6 28. Qh6 $19) 28. Kf2 Kxf7 29. Qxd5+ 29... Kg7 $19
) 25... gxf5 26. g6 (26. Qh6 26... Qd6 $19) 26... Qg8 27. Bg5+ (27. Rxf7+ Nxf7
28. Qh4+ 28... Ke6 $19) 27... Ke6 28. Qh6 (28. gxf7 Qxg5+ 29. Kf2 Qf4+ 30. Kg2
Nd4 31. Qh6+ Qxh6 32. Rxh6+ 32... Kxf7 $19) 28... Qxg6 29. Bh5 (29. Qxg6+ Nxg6
30. Rxf7 30... Kxf7 $19) 29... Qxh6 (29... Rxh7 $142 30. Bxg6 Rxh6 31. Bxh6 b3
32. cxb3 32... Nxg6 $19) 30. Rxh6+ (30. Bxh6 $4 30... Rxh7 31. Bf4 Rg8+ 32. Kf1
32... Rxh5 $19) 30... Kd7 31. Bxf7 Nxf7 32. Rh7 Ke6 33. Bf4 Rg8+ 34. Kf2 Rg4
35. Bh2 (35. Bc7 b3 36. c3 36... Ra4 $19) 35... Nd4 36. c3 Nb5 37. d4 bxc3 38.
bxc3 c4 39. Rh3 Ng5 (39... f4 $5 40. Kf1 $19) 40. Rh6+ Kf7 41. Be5 Ne4+ 42. Kf3
Nbxc3 43. Rh7+ Ke8 44. Rh8+ Kd7 45. Rh7+ Kc6 46. Rf7 (46. Rh5 Ng5+ 47. Ke3 $19)
0-1

[Event "Bad Woerishofen op"]
[Site "Bad Woerishofen"]
[Date "2001.??.??"]
[Round "2"]
[White "Grosser, Walter"]
[Black "Loew, Gerald"]
[Result "1/2-1/2"]
[WhiteElo "2098"]
[BlackElo "2283"]
[Annotator "ChessOrg"]
[PlyCount "45"]
[EventDate "1998.03.05"]
[Source "ChessBase"]
[SourceDate "1998.04.29"]

1. d4 {E42: Nimzoindisch (Rubinstein-System)} 1... Nf6 2. c4 e6 3. Nc3 Bb4 4.
e3 c5 5. Nge2 cxd4 6. exd4 O-O 7. a3 Be7 8. Nf4 d5 9. cxd5 Nxd5 10. Ncxd5 exd5
11. Bd3 Bf6 12. O-O Nc6 13. Be3 13... Be6 {letzter Buchzug} 14. Bb5 Rc8 15.
Nxe6 fxe6 16. Qg4 Qd7 17. Rac1 a6 18. Bxc6 Rxc6 19. Rxc6 Qxc6 20. Rc1 Qd7 21.
h4 Rc8 (21... Qe7 22. h5 $11) 22. Rxc8+ $14 22... Qxc8 23. g3 1/2-1/2

[Event "Bad Woerishofen op"]
[Site "Bad Woerishofen"]
[Date "2001.??.??"]
[Round "4"]
[White "Grosser, Walter"]
[Black "Weber, Ludwig"]
[Result "1-0"]
[WhiteElo "2098"]
[BlackElo "1630"]
[Annotator "ChessOrg"]
[PlyCount "69"]
[EventDate "1998.03.05"]
[Source "ChessBase"]
[SourceDate "1998.04.29"]

1. d4 {E00: Katalanisch} 1... Nf6 2. c4 e6 3. Nc3 3... c6 {letzter Buchzug} 4.
Bg5 Bb4 5. Nf3 d6 6. e3 h6 7. Bh4 g5 8. Bg3 Nh5 9. Be2 Nxg3 10. hxg3 Ba5 11.
Qc2 Qe7 12. Rh5 f6 13. O-O-O Nd7 14. Nd2 Bd8 (14... d5 15. Rdh1 Qg7 16. Bf3 $14
) 15. Nde4 (15. Qg6+ $5 $142 15... Kf8 16. Rxh6 Rxh6 17. Qxh6+ Qg7 18. Rh1 $16)
15... d5 $11 16. Nc5 (16. Nd2 16... Ba5 $14) 16... Nxc5 17. dxc5 Qg7 (17... Kf7
18. Rhh1 $11) 18. e4 (18. cxd5 cxd5 19. e4 dxe4 20. Qa4+ Kf7 21. Nxe4 21... Kg6
$14) 18... dxc4 $11 19. Bxc4 Bc7 20. Qb3 20... Kf7 $2 (20... Qe7 21. Rdh1 $11)
21. Be2 $4 (21. Bxe6+ Kg6 22. Bf5+ Bxf5 23. exf5+ Kxf5 24. Qc2+ Ke6 25. Qe2+
Be5 26. Rd6+ Ke7 27. f4 $18) 21... Qf8 $11 22. Qc4 Kg7 23. Rh2 Qe7 24. e5 (24.
Bg4 24... b6 $11) 24... fxe5 (24... Bxe5 25. f4 25... b5 $11) 25. Ne4 $14 25...
Bd7 26. Nd6 26... b5 $2 (26... Bxd6 $142 27. Rxd6 27... Rad8 $14) 27. Qe4 Rad8
28. Qxe5+ Qf6 29. Nf5+ (29. Qxf6+ Kxf6 30. Bh5 Bxd6 31. Rxd6 31... Ke7 $16)
29... exf5 $16 30. Qxc7 Qe7 31. Bh5 (31. Qxa7 Rhf8 32. Rhh1 $16) 31... Qxc5+
$18 32. Kb1 Qe7 33. Rhh1 33... Kf6 $4 (33... Kh7 $142 34. Rhe1 34... Qg7 $16)
34. Rhe1 Be6 35. Qe5# 1-0

[Event "Bad Woerishofen op"]
[Site "Bad Woerishofen"]
[Date "2001.??.??"]
[Round "6"]
[White "Grosser, Walter"]
[Black "Warter, Siegfried"]
[Result "1/2-1/2"]
[WhiteElo "2098"]
[BlackElo "1800"]
[Annotator "ChessOrg"]
[PlyCount "127"]
[EventDate "1998.03.05"]
[Source "ChessBase"]
[SourceDate "1998.04.29"]

1. d4 {D15: Damengambit (Slawische Verteidigung)} 1... d5 2. Nf3 Nf6 3. c4 c6
4. Nc3 dxc4 5. e3 e6 6. Bxc4 Be7 7. O-O O-O 8. Qc2 {letzter Buchzug} 8... a6 9.
a3 b5 10. Bd3 Qb6 11. e4 h6 12. h3 c5 13. dxc5 Qxc5 14. b4 Qh5 (14... Qc7 15.
e5 Ne8 16. Bh7+ Kh8 17. Be4 $14) 15. e5 (15. Ne2 $5 15... Bd6 16. Bf4 $16)
15... Nfd7 16. Bb2 (16. Ne2 16... f5 $16) 16... Bb7 $14 (16... Nxe5 $143 17.
Nxe5 Qxe5 18. Nxb5 $18) 17. Ne4 f5 18. exf6 Nxf6 19. Qc7 19... Ra7 $4 (19...
Bxe4 $5 $142 20. Bxe4 Nxe4 21. Qxe7 Qf7 22. Qxf7+ 22... Rxf7 $18) 20. Qxe7 (20.
Nxf6+ $142 20... gxf6 21. Qxe7 $18) 20... Bxe4 21. Qxa7 Bxd3 22. Rfe1 Bf5 23.
Nh2 (23. Nd4 $5 23... Re8 $18) 23... Qg6 24. Re3 Nh5 25. Kh1 (25. Rae1 $5 25...
Re8 $18) 25... Be4 26. Ng4 Nc6 27. Qc7 (27. Qxa6 Rxf2 28. Rxe4 Ng3+ 29. Kg1
Rxb2 30. Qc8+ Kh7 31. Rxe6 Rb1+ 32. Re1 Ne2+ 33. Kh1 33... Rb2 $18) 27... Rf7 (
27... Bd5 28. f3 $18) 28. Qd6 Nf4 29. Rg3 29... Qh5 $4 (29... Nxg2 30. Nf6+
Rxf6 31. Rxg6 31... Rxg6 $11) 30. f3 (30. Nf6+ $1 $142 30... Rxf6 31. Bxf6
Bxg2+ 32. Kh2 g5 33. Bxg5 hxg5 34. Qxf4 Qxh3+ 35. Rxh3 gxf4 36. Kxg2 36... Nd4
$18) 30... Bd5 (30... Qh4 31. Nxh6+ $1 31... Kh7 $18) 31. Re1 (31. Nf6+ $1 $142
31... Rxf6 32. Bxf6 $18) 31... Qh4 32. Kh2 Kh7 33. Be5 $4 (33. Ne5 $142 33...
Nxe5 34. Rxe5 $18 (34. Bxe5 $6 34... Nh5 $16)) 33... Nh5 $11 34. Ne3 Nxe5 35.
Qxe5 35... Rf4 $4 (35... Nxg3 36. Qxg3 Qxg3+ 37. Kxg3 $11) 36. Nf1 $4 (36.
Rxg7+ $1 $142 36... Nxg7 37. g3 $18) 36... Rf5 $11 37. Qc3 Nxg3 38. Nxg3 Qf4
39. Qe3 Qd6 40. Qf2 Rg5 (40... Rf6 $5 $11) 41. f4 $14 41... Rg6 42. Ne4 Qc6 43.
Qe3 Qc2 44. Re2 44... Bxe4 $2 (44... Qxe4 45. Qxe4 Bxe4 46. Rxe4 $14) 45. Qxe4
(45. Rxc2 $142 45... Bxc2 46. g4 $18) 45... Qc3 46. Re3 Qf6 47. Rg3 (47. Qf3
47... Qf7 $16) 47... Qf5 $11 48. Re3 Rf6 (48... Qf6 49. Qf3 $14) 49. g4 Qxe4
50. Rxe4 g5 51. Kg3 Kg6 52. fxg5 hxg5 53. Re5 Kf7 (53... Kh6 $5 $14 $142) 54.
Rxg5 $18 54... Rf1 55. h4 (55. Rc5 $5 $16) 55... Ra1 56. h5 Rxa3+ 57. Kf4 Rb3
58. h6 Rxb4+ (58... Kf6 59. h7 59... Rh3 $11 (59... Rxb4+ $2 60. Kf3 Kxg5 61.
h8=Q Rf4+ 62. Ke3 Rxg4 63. Qe5+ Kh6 64. Qxe6+ Rg6 65. Qe5 $18)) 59. Ke5 $18
59... Rb1 60. h7 $4 (60. Rg7+ $142 60... Kf8 61. g5 $16) 60... Rh1 61. Rg8 Rxh7
62. Ra8 Kg6 63. Rxa6 Kg5 (63... Rb7 64. Rxe6+ Kg5 65. Kd5 $15) 64. Rxe6 $15
1/2-1/2

[Event "Bad Woerishofen op"]
[Site "Bad Woerishofen"]
[Date "2001.??.??"]
[Round "8"]
[White "Grosser, Walter"]
[Black "Hofmann, Juergen"]
[Result "0-1"]
[WhiteElo "2098"]
[BlackElo "2181"]
[Annotator "ChessOrg"]
[PlyCount "84"]
[EventDate "1998.03.05"]
[Source "ChessBase"]
[SourceDate "1998.04.29"]

1. d4 {D43: Damengambit (Botwinnik-Variante)} 1... d5 2. Nf3 c6 3. c4 Nf6 4.
Nc3 e6 5. Bg5 5... Bd6 {letzter Buchzug} 6. e3 Nbd7 7. Be2 O-O 8. Qc2 dxc4 9.
Bxc4 c5 10. O-O cxd4 11. exd4 (11. Nxd4 $143 11... Bxh2+ 12. Kxh2 Qc7+ 13. Kg1
13... Ng4 $17) 11... Nb6 12. Bd3 Be7 (12... h6 $5 13. Bxf6 13... Qxf6 $14) 13.
Bxf6 $16 13... gxf6 14. Bxh7+ Kg7 15. Bd3 Rh8 16. Rfe1 f5 17. Rad1 Bd6 18. d5 (
18. h3 $16 $142) 18... Bxh2+ $11 19. Nxh2 Qh4 20. Re3 (20. Kf1 Qxh2 21. dxe6
Bxe6 22. Bxf5 Bc4+ 23. Rd3 $19) 20... Qxh2+ $17 21. Kf1 f4 22. Ree1 exd5 (22...
Nxd5 23. Nxd5 Qh1+ 24. Ke2 Qh5+ 25. Kd2 Qxd5 26. Qc3+ f6 27. Qc7+ Bd7 28. Qxf4
$14) 23. f3 Bd7 (23... Qh1+ 24. Kf2 Qh4+ 25. Kg1 $19) 24. Qf2 Qg3 25. Qd4+ Kg8
26. Ne2 Rh1+ 27. Ng1 Bh3 28. Qf2 Be6 29. Qxg3+ fxg3 30. Re5 Nc4 (30... Na4 $5
$142 31. Rd2 31... Rc8 $19) 31. Rg5+ $11 31... Kf8 32. Rxg3 $4 (32. Bxc4 $142
32... dxc4 33. Rxg3 $15) 32... Nxb2 (32... Ne3+ $142 33. Ke2 Nxd1 34. Kxd1
Rxg1+ 35. Kd2 35... Ke7 $19) 33. Rd2 Nxd3 34. Rxd3 Rc8 35. Kf2 Rc2+ 36. Ne2 Ra1
(36... Rxa2 37. f4 $19) 37. Ke3 Rcxa2 38. Nd4 (38. Nc3 Rc2 39. Rg5 39... a5 $19
) 38... Re1+ 39. Kf4 Ke7 40. Rg8 Ra4 41. g4 (41. Rb8 41... Rb4 $19) 41... b5
42. Kg5 (42. Rb8 a6 43. Rb6 $19) 42... f6+ (42... f6+ 43. Kh4 Bxg8 44. Nxb5
44... a6 $19) 0-1

[Event "Bad Woerishofen op"]
[Site "?"]
[Date "2001.??.??"]
[Round "1"]
[White "Grundl, Manfred"]
[Black "Bintakies, Michael"]
[Result "0-1"]
[WhiteElo "1800"]
[BlackElo "2204"]
[Annotator "ChessOrg"]
[PlyCount "89"]
[EventDate "2000.??.??"]

1. d4 {D15: Damengambit (Slawische Verteidigung)} 1... d5 2. c4 c6 3. Nf3 Nf6
4. Nc3 a6 5. cxd5 cxd5 6. Bg5 Ne4 7. Rc1 {letzter Buchzug} 7... Nxg5 8. Nxg5
Nc6 9. e3 e6 10. Nf3 Bd6 11. g3 O-O 12. Bg2 (12. Bd3 12... Bd7 $14) 12... Bd7
$11 13. O-O b5 14. e4 dxe4 (14... b4 15. exd5 bxc3 16. dxc6 cxb2 17. Rc4 $16)
15. Nxe4 $14 15... Qe7 (15... Be8 16. Nxd6 Qxd6 17. Ng5 $14) 16. Nxd6 (16. d5
$142 16... exd5 17. Qxd5 $16) 16... Qxd6 $11 17. Ng5 Rac8 18. d5 exd5 19. Qxd5
Qxd5 20. Bxd5 h6 21. Ne4 Nb4 22. Rxc8 (22. Bb7 22... Rcd8 $11) 22... Rxc8 23.
Bb3 Bh3 24. Bxf7+ (24. Rd1 $5 $11 $142) 24... Kxf7 $17 25. Nd6+ Ke6 (25... Kf6
$5 $142 26. Nxc8 26... Bxc8 $17) 26. Nxc8 $11 26... Bxf1 27. Kxf1 Nxa2 (27...
Nd5 $5 $17) 28. Ke2 $11 28... Nb4 29. f4 $2 (29. Kd2 $11 $142) 29... Kd7 $19
30. Na7 Kc7 31. Kd2 Kb7 32. Kc3 Nd5+ (32... Kxa7 $6 33. Kxb4 Kb6 34. Kc3 $15)
33. Kd4 Nb6 34. Nxb5 axb5 35. g4 Kc6 36. h4 Kd6 37. b3 Nd7 38. g5 hxg5 39. fxg5
g6 40. b4 (40. Kd3 Ne5+ 41. Ke4 41... Nc6 $19) 40... Ne5 41. Ke4 Nc6 42. h5 (
42. Kf4 Nxb4 43. Ke4 43... Ke6 $19) 42... gxh5 43. Kf4 Nxb4 44. g6 Nd5+ 45. Kg5
(45. Ke4 $19) 0-1

[Event "Bad Woerishofen op"]
[Site "Bad Woerishofen"]
[Date "2001.??.??"]
[Round "3"]
[White "Grundl, Manfred"]
[Black "Camilleri, Henry"]
[Result "0-1"]
[WhiteElo "1800"]
[BlackElo "2084"]
[Annotator "ChessOrg"]
[PlyCount "62"]
[EventDate "1998.03.05"]
[Source "ChessBase"]
[SourceDate "1998.04.29"]

1. d4 {A80: Hollaendische Verteidigung} 1... e6 2. Nf3 f5 3. Bg5 Be7 4. Bxe7
Qxe7 5. a3 {letzter Buchzug} 5... Nf6 6. c4 b6 7. g3 a5 8. e3 Ba6 9. Nc3 O-O
10. Rc1 d5 (10... d6 11. Qd3 $11) 11. Ne5 Nbd7 (11... dxc4 12. Bg2 Ra7 13. Nb1
$15) 12. Nxd7 (12. cxd5 $5 12... Bxf1 13. Nxd7 Qxd7 14. dxe6 (14. Rxf1 $6 14...
exd5 15. Qa4 15... c6 $11) 14... Qxe6 15. Rxf1 $16) 12... Qxd7 $11 13. c5 (13.
cxd5 $5 $142 13... exd5 14. Bh3 $11) 13... Bxf1 $17 14. Kxf1 bxc5 15. dxc5 e5 (
15... Qc6 16. Qa4 Qxc5 17. Kg2 $17) 16. Na4 d4 (16... Qc6 $5 $15) 17. Qb3+ $11
17... Kh8 18. c6 Qe8 19. exd4 (19. Kg2 Rb8 20. Qd3 dxe3 21. Qxe3 21... f4 $15)
19... exd4 $15 20. Qf3 Ne4 (20... Qe4 21. Kg2 $15) 21. Kg2 $11 21... Rd8 22.
Rhd1 Qe5 23. b3 Ng5 24. Qd3 f4 25. Re1 $2 (25. Rc5 $142 25... Rd5 26. Rc2 $17)
25... Qd5+ $19 26. f3 fxg3 27. Rf1 Qe6 28. Rc2 gxh2 (28... Qh3+ 29. Kh1 Nxf3
30. Rxf3 g2+ 31. Rxg2 Rxf3 32. Qd1 $19) 29. f4 Qg4+ 30. Qg3 Rxf4 (30... h1=Q+
$5 31. Rxh1 Rxf4 32. Qxg4 Rxg4+ 33. Kf2 $19) 31. Rxf4 $4 (31. Qxg4 Rxg4+ 32.
Kxh2 $19) 31... h1=Q+ $1 (31... h1=Q+ 32. Kxh1 32... Qxg3 $19) 0-1

[Event "Bad Woerishofen op"]
[Site "Bad Woerishofen"]
[Date "2001.??.??"]
[Round "5"]
[White "Grundl, Manfred"]
[Black "Voeller, Lothar"]
[Result "1/2-1/2"]
[WhiteElo "1800"]
[BlackElo "1650"]
[Annotator "ChessOrg"]
[PlyCount "45"]
[EventDate "1998.03.05"]
[Source "ChessBase"]
[SourceDate "1998.04.29"]

1. d4 {D63: Damengambit (Hauptvariante mit 7.Tc1)} 1... d5 2. c4 e6 3. Nc3 Nf6
4. Bg5 Be7 5. e3 a6 6. Nf3 O-O 7. Rc1 Nbd7 8. Bd3 dxc4 9. Bxc4 9... c5 {
letzter Buchzug} 10. dxc5 Nxc5 11. O-O b5 12. Be2 b4 13. Na4 Qxd1 14. Bxd1 (14.
Rfxd1 $2 14... Nxa4 15. Ne5 Nd5 16. Bxe7 16... Nxe7 $19) 14... Nxa4 15. Bxa4
Ra7 16. Rfd1 h6 17. Bh4 g5 18. Bg3 Ne4 19. Rc7 (19. Be5 $5 19... Nc5 20. Bd4
$16) 19... Rxc7 $14 20. Bxc7 Bf6 (20... Bb7 $5 $14) 21. Bc6 $16 21... g4 (21...
Nc5 22. Ba5 b3 23. axb3 Nxb3 24. Bc7 $14) 22. Ne5 Bxe5 23. Bxe5 1/2-1/2

[Event "Bad Woerishofen op"]
[Site "Bad Woerishofen"]
[Date "2001.??.??"]
[Round "7"]
[White "Grundl, Manfred"]
[Black "Kayser, Wilhelm"]
[Result "1/2-1/2"]
[WhiteElo "1800"]
[BlackElo "1469"]
[Annotator "ChessOrg"]
[PlyCount "41"]
[EventDate "1998.03.05"]
[Source "ChessBase"]
[SourceDate "1998.04.29"]

1. d4 {D11: Damengambit (Slawische Verteidigung)} 1... c6 2. c4 d5 3. Nf3 Bg4
4. e3 4... Nd7 {letzter Buchzug} 5. Be2 e6 6. O-O c5 (6... Bd6 $5 $11) 7. cxd5
$14 7... exd5 8. Nc3 Ngf6 9. b3 cxd4 10. Nxd4 Bxe2 11. Ndxe2 Ne5 (11... Qa5 12.
Bb2 $11) 12. Bb2 Nc6 13. a3 (13. Nf4 Bd6 14. Ncxd5 Nxd5 15. Nxd5 15... O-O $16)
13... Be7 14. Qd2 Qd7 15. Rfd1 O-O-O (15... Rd8 $5 $14) 16. Rac1 Kb8 17. Nb5 a6
18. Nbd4 Rc8 19. Rc2 (19. Nxc6+ Rxc6 20. Bxf6 20... gxf6 $16) 19... Ne4 $14 20.
Nxc6+ Rxc6 21. Qd3 1/2-1/2

[Event "Bad Woerishofen op"]
[Site "Bad Woerishofen"]
[Date "2001.??.??"]
[Round "9"]
[White "Grundl, Manfred"]
[Black "Theuermeister, Peter"]
[Result "1-0"]
[WhiteElo "1800"]
[BlackElo "1587"]
[Annotator "ChessOrg"]
[PlyCount "165"]
[EventDate "1998.03.05"]
[Source "ChessBase"]
[SourceDate "1998.04.29"]

1. d4 {D56: Damengambit (Moderne Lasker-Verteidigung)} 1... Nf6 2. Nf3 e6 3. c4
d5 4. Bg5 Be7 5. e3 O-O 6. Nc3 h6 7. Bh4 a6 8. Rc1 Nbd7 9. cxd5 exd5 10. Bd3 c6
11. O-O 11... Ne8 {letzter Buchzug} 12. Bxe7 Qxe7 13. Qc2 Ndf6 14. Bf5 (14. Ne5
$5 $11) 14... Bxf5 $15 15. Qxf5 Nd6 16. Qc2 Nfe4 17. Nxe4 Nxe4 18. Qe2 f6 19.
Rc2 Rac8 20. Rfc1 Rc7 21. Nh4 Qf7 22. b4 Nd6 23. Nf3 Qh5 24. Ne1 Qg6 25. Nd3
Nc4 26. a4 f5 27. Nf4 Qf7 28. Qh5 Qxh5 29. Nxh5 g5 30. Ng3 (30. a5 30... Re7
$11) 30... f4 $15 31. exf4 gxf4 32. Nf1 f3 33. Rc3 Rg7 34. g3 Re7 35. Ne3 Rfe8
36. Re1 (36. Nc2 36... Rf7 $11) 36... h5 37. h4 Kh7 38. Rd3 Kg6 39. Kf1 Nb2 40.
Rb3 Nc4 (40... Nxa4 41. Nc2 $17) 41. Rd3 Re4 42. Nc2 R8e7 (42... Re2 43. Rxe2
Rxe2 44. Ne1 $17) 43. Rxe4 dxe4 44. Rc3 Nb2 45. a5 (45. Rc5 Nxa4 46. Rg5+ Kf7
47. Rf5+ Kg8 48. Rxh5 48... Nb2 $11) 45... Rd7 (45... Nd3 $5 $15) 46. Rc5 $11
46... Nd3 47. Rg5+ Kh6 48. Rg8 Nxb4 (48... Rd5 $5 $14 $142) 49. Nxb4 $16 49...
Rxd4 50. Nc2 Rd1+ 51. Ne1 Ra1 52. Rb8 Rb1 53. Re8 Rb4 54. Nc2 (54. Re6+ 54...
Kg7 $16) 54... Rc4 (54... Rb1+ 55. Ne1 Rb4 56. Re6+ Kg7 57. Re5 $16) 55. Ne1 (
55. Re6+ Kg7 56. Ne1 56... Ra4 $16) 55... Rd4 (55... Rb4 56. Re6+ 56... Kg7 $16
) 56. Re7 Rb4 57. Nc2 (57. Re5 57... Kg6 $16) 57... Rb2 (57... Rb1+ 58. Ne1 Rb4
59. Re5 $16) 58. Ne1 (58. Re6+ Kg7 59. Ne1 59... Rb4 $16) 58... Rb4 59. Re8 (
59. Re5 $16) 59... c5 $4 (59... Rd4 $11 $142) 60. Re5 $18 60... Rc4 61. Re6+
Kg7 62. Re7+ Kf6 (62... Kg8 63. Re5 $18) 63. Rxb7 Ke5 64. Rb6 Ra4 65. Rxa6 Kd5
66. Rh6 Rxa5 67. Rxh5+ Kd4 68. g4 Ra6 (68... Ra1 69. g5 Ke5 70. Rh7 $18) 69. g5
(69. Nc2+ $5 69... Kc4 $18) 69... c4 (69... Ke5 70. g6+ Kf6 71. Rg5 $18) 70.
Rh6 Ra7 71. g6 c3 (71... Rg7 72. h5 Rg8 73. Rh7 $18) 72. Rh7 Ra6 (72... Ra8 73.
g7 Rg8 74. h5 $18) 73. Rd7+ (73. g7 $142 73... Rg6 74. h5 74... Rg4 $18) 73...
Ke5 74. g7 Ra8 75. h5 Kf6 76. h6 Kg6 77. Rd6+ Kh7 78. Rf6 Kg8 79. Rc6 Re8 (
79... Kh7 80. Kg1 (80. Rxc3 $143 80... Kxh6 81. Rc4 81... Kxg7 $18) 80... Re8
81. Nc2 $18) 80. Rxc3 Kh7 81. Rc6 Rd8 82. Rf6 Rg8 (82... Kg8 83. Rf4 Re8 84.
Nc2 $18) 83. Rf8 (83. Rf8 Rxg7 84. hxg7 Kxg7 85. Rf4 $18) 1-0

[Event "Bad Woerishofen op"]
[Site "Bad Woerishofen"]
[Date "2001.??.??"]
[Round "2"]
[White "Gutman, Lev"]
[Black "Santl, Anton"]
[Result "1-0"]
[WhiteElo "2527"]
[BlackElo "2206"]
[Annotator "ChessOrg"]
[PlyCount "79"]
[EventDate "1998.03.05"]
[Source "ChessBase"]
[SourceDate "1998.04.29"]

1. Nf3 {A49: Koenigsindisch (ohne c2-c4)} 1... Nf6 2. g3 g6 3. Bg2 Bg7 4. O-O
O-O 5. d4 d6 6. a4 6... c5 {letzter Buchzug} 7. a5 Na6 8. Nc3 Rb8 9. h3 b5 10.
axb6 axb6 11. e4 Nd7 12. Re1 Nb4 13. Be3 Bb7 14. Qd2 Nf6 15. d5 Qd7 16. Nh2 Ra8
17. Rad1 Ra5 18. f4 Qc7 19. Ne2 Ba6 (19... Rfa8 20. c3 Na2 21. b4 $15) 20. Nc1
$14 20... Ra1 21. Bf2 Nd7 22. c3 Rxc1 23. Qxc1 Nd3 24. Qa1 Nxe1 25. Qxa6 Nxg2
26. Kxg2 Rb8 27. Qb5 Ra8 28. Nf3 Ra2 29. Rd2 h6 30. g4 Kh7 31. g5 h5 32. Bg3
Qa7 33. e5 Nf8 (33... dxe5 34. fxe5 Ra1 35. Qc6 $14) 34. Qe8 $16 34... Kg8 35.
e6 fxe6 36. dxe6 Kh7 (36... Qb7 $5 37. f5 37... Ra7 $16) 37. f5 $18 37... Qa8 (
37... c4 $18) 38. Qxe7 Ra7 39. fxg6+ (39. Qxd6 $5 39... Qe4 40. Kf2 40... Qxf5
$18) 39... Nxg6 40. Qxd6 (40. Qxd6 Qe4 41. Qxb6 $18) 1-0

[Event "Bad Woerishofen op"]
[Site "Bad Woerishofen"]
[Date "2001.??.??"]
[Round "4"]
[White "Gutman, Lev"]
[Black "Martinovic, Slobodan"]
[Result "0-1"]
[WhiteElo "2527"]
[BlackElo "2428"]
[Annotator "ChessOrg"]
[PlyCount "80"]
[EventDate "1998.03.05"]
[Source "ChessBase"]
[SourceDate "1998.04.29"]

1. Nf3 {A49: Koenigsindisch (ohne c2-c4)} 1... c5 2. g3 b6 3. Bg2 Bb7 4. O-O
Nf6 5. d4 g6 6. Nc3 {letzter Buchzug} 6... cxd4 7. Qxd4 Bg7 8. e4 d6 9. e5 Nfd7
10. Qc4 Bxf3 (10... dxe5 $4 11. Ng5 O-O 12. Bxb7 $18) (10... Bxe5 $2 11. Ng5
Nc5 12. Nxf7 $18) 11. Bxf3 Nxe5 12. Qb5+ Nbd7 13. Bxa8 Qxa8 14. Nd5 $4 (14. Qd5
$142 14... O-O 15. Qxa8 Rxa8 16. Rd1 $14) 14... Nf3+ $19 15. Kg2 Nd4 16. Qc4 b5
(16... e6 $5 $19 $142) 17. f3 $17 17... bxc4 18. Nc7+ Kd8 19. Nxa8 Nxc2 20. Rb1
Nc5 21. Bd2 Kd7 22. Rfc1 Nd4 (22... Rxa8 $6 23. Rxc2 d5 24. b3 $15) 23. Rxc4
Rxa8 24. Be3 e5 25. b4 Nce6 26. b5 Rb8 27. a4 Bf6 28. f4 (28. Kf2 d5 29. Rc3
29... Rb6 $19) 28... Bd8 (28... d5 $5 29. Rcc1 $19) 29. fxe5 dxe5 30. g4 (30.
Re1 30... Kd6 $19) 30... f5 31. gxf5 gxf5 32. Bxd4 Nxd4 33. Rc3 Rb6 34. Rc5
Rg6+ 35. Kh1 Kd6 36. Rc8 Bb6 37. Ra1 Nb3 38. Rb1 Kd5 39. h3 Rg3 40. Rd1+ (40.
Kh2 f4 41. Rh8 41... Nc5 $19) 40... Nd4 (40... Nd4 41. Rf8 41... f4 $19) 0-1

[Event "Bad Woerishofen op"]
[Site "Bad Woerishofen"]
[Date "2001.??.??"]
[Round "5"]
[White "Gutman, Lev"]
[Black "Heika, Martin"]
[Result "1/2-1/2"]
[WhiteElo "2527"]
[BlackElo "2325"]
[Annotator "ChessOrg"]
[PlyCount "132"]
[EventDate "1998.03.05"]
[Source "ChessBase"]
[SourceDate "1998.04.29"]

1. Nf3 {E18: Damenindisch (Hauptfortsetzung)} 1... Nf6 2. g3 b6 3. Bg2 Bb7 4.
O-O e6 5. d4 Be7 6. c4 d5 7. Ne5 O-O 8. Nc3 Nbd7 9. cxd5 9... Nxd5 {
letzter Buchzug} 10. Nxd5 exd5 11. Nd3 c5 12. Nf4 Nf6 13. b3 Qd7 14. Bb2 Rfd8
15. Rc1 Ne4 16. dxc5 bxc5 17. Qc2 Ng5 18. h4 Ne6 19. Nd3 Bd6 20. e3 Rac8 21.
Rfd1 d4 22. e4 Ba6 23. Qe2 c4 24. bxc4 Rxc4 25. Rxc4 Bxc4 26. e5 Be7 27. Qd2 (
27. Rc1 $5 27... Qa4 28. Be4 $17) 27... Bxa2 $17 28. Qa5 Bc4 29. Ba3 Bxa3 30.
Qxa3 Bd5 31. Bh3 Ba8 32. Nf4 Qc6 33. Bg2 Qb6 34. Nxe6 fxe6 (34... Qxe6 35. Bxa8
Rxa8 36. Rxd4 Qxe5 37. Qxa7 Qe1+ 38. Kg2 $14) 35. Bxa8 Rxa8 36. Qe7 (36. Qa2
36... a5 $15) 36... Rf8 37. Qg5 (37. Rd2 37... d3 $17) 37... Qb2 38. Qd2 Qxd2
39. Rxd2 Rd8 40. f4 h5 41. Kf2 Kf7 42. Ra2 Rd7 43. Ke2 d3+ 44. Kd2 Kg6 45. Ra6
Kf5 46. Rc6 (46. Rd6 46... Rb7 $11) 46... a5 47. Rb6 $2 (47. Rd6 $5 47... Rb7
48. Rxd3 $15 (48. Kxd3 $2 48... Rb3+ 49. Ke2 49... Rxg3 $19)) 47... a4 (47...
Ra7 48. Kxd3 a4 49. Rb1 $19) 48. Ra6 $17 48... Rd4 49. Rb6 (49. Rd6 49... Rb4
$17) 49... g6 50. Ra6 Rb4 51. Kxd3 Rb3+ 52. Kd4 (52. Ke2 Rxg3 53. Rxa4 53...
Rh3 $19) 52... Rxg3 53. Kc5 (53. Ra8 53... a3 $19) 53... Kxf4 (53... Rg4 $142
54. Rxa4 54... Rxf4 $19 (54... Rxh4 $6 55. Kd6 $19)) 54. Rxe6 Kf5 55. Re8 a3
56. Kd4 (56. e6 56... Ke5 $19) 56... Rg4+ 57. Kd5 Ra4 58. Rf8+ Kg4 59. Rf1 a2 (
59... Kxh4 $6 60. e6 $19) 60. Ra1 60... Kxh4 $4 (60... Kf5 $19 $142) 61. e6 $17
61... Ra7 (61... Ra5+ 62. Kd6 Ra6+ 63. Kd7 Ra7+ 64. Kd6 64... g5 $11) 62. Kd6
$11 62... g5 63. e7 Ra6+ 64. Kd7 Ra7+ 65. Kd6 (65. Ke6 65... Ra8 $16) 65...
Ra6+ $11 66. Kd7 Ra7+ 1/2-1/2